000 00334nam a2200133Ia 4500
005 20260326235455.0
008 260326s9999||||xx |||||||||||||| ||und||
100 _aGutkind, E.A.
245 0 _aUrban Development in Central Europe /
_cE.A. Gutkind
260 _bFree Press
300 _a491 p.
650 _aDISEÑO URBANO
942 _cBK
999 _c7894
_d7894